000 00738nam a2200205Ia 4500
003 LDD
008 190117s9999 xx 000 0 und d
020 _a8187524553
_c₹525
040 _cLDD
041 _ahi
082 _a8H3.7 ला6406प्रे
100 _aलारेंस, डी.एच.
245 0 _aप्रेमिकाएं
_cडी.एच. लारेंस
260 _aमुंबई
_bसंवाद प्रकाशन
_c2004
300 _a623पृ.
440 _aविश्व ग्रंथमाला; श्रीवास्तव.आलोक
901 _aVANI
904 _aReqst by : Parakh, Jawarimal (Dr.)
942 _2ddc
_cH
999 _c169009
_d169009